|
|
|
|
| LEADER |
00000nab a2200000 ar4500 |
| 001 |
vtls008841073 |
| 003 |
SK-MaSNL |
| 005 |
20260304141143.0 |
| 008 |
250505c2006 xo zr|n|||||||000 b|slo |
| 015 |
|
|
|a SNBRB2006/08
|2 snkbucl
|
| 035 |
|
|
|a (uuid)d0bc14b9-9d52-4c9f-94af-59f2a733b050
|
| 035 |
|
|
|a urn:nbn:sk:snk-ab9nvh
|
| 035 |
|
|
|a (urnnbn)urn:nbn:sk:snk:ar-a08lra
|
| 040 |
|
|
|a SNKBUCL
|b slo
|c SNKBUCL
|e AACR2
|
| 041 |
0 |
|
|a slo
|
| 044 |
|
|
|a xo
|c SK
|
| 080 |
|
|
|a 321.7
|x (5+6)
|2 2001
|
| 080 |
|
|
|a 327
|x (4:5+6)
|2 2001
|
| 080 |
|
|
|a 327
|x (73:5+6)
|2 2001
|
| 100 |
1 |
|
|a Najšlová, Lucia
|4 ivr
|4 aut
|9 267818
|
| 245 |
1 |
0 |
|a Scott Carpenter: Aj vy máte možnosť pomôcť Strednému východu nasledovať ...
|c [zhovárala sa] Lucia Najšlová
|
| 300 |
|
|
|b Fotogr.
|
| 610 |
2 |
7 |
|a Európska únia
|2 snkbucl
|9 29861
|
| 650 |
0 |
7 |
|a demokratizácia
|2 snkbucl
|9 3570
|
| 650 |
0 |
7 |
|a projekty
|2 snkbucl
|9 18866
|
| 651 |
|
7 |
|a Blízky východ
|2 snkbucl
|9 60147
|
| 651 |
|
7 |
|a Spojené štáty americké
|2 snkbucl
|9 18262
|
| 700 |
1 |
|
|a Carpenter, Scott
|4 ive
|4 aut
|9 1458576
|
| 773 |
0 |
|
|t Zahraničná politika
|g Roč. X, č. 2 (2006), s. 12-13
|x 1336-7218
|
| 850 |
|
|
|a Slovenská národná knižnica
|
| 852 |
|
|
|a Slovenská národná knižnica
|
| 954 |
|
|
|a odborná, vedecká literatúra pôvodná (slovenská)
|2 lita
|
| 958 |
|
|
|a article13
|
| 958 |
|
|
|a OND
|
| 958 |
|
|
|a EUIPO
|
| 999 |
|
|
|c 2917799
|d 2919729
|